000 00781cam a2200265I 4500
001 27271
003 GBCCL
005 20241126110402.0
008 771014s1974 xx 000 0 eng d
010 _a 74078761
020 _a0801036968
035 _a(OCoLC)03341543
040 _aTLT
_cTLT
049 _aLBBK
082 _a289.92
_bGRU
092 _bG892
100 1 _aGruss, Edmond C.
_92968
245 1 0 _aWe left Jehovah's Witnesses :
_bpersonal testimonies /
_cEdmond C. Gruss.
260 _aGrand Rapids, Michigan :
_bBaker Book House,
_cc1974.
300 _a169 p. :
_bill. ;
_c22 cm.
500 _a1976 reprint.
504 _aIncludes bibliographical references (p. 165-169).
650 0 _aJehovah's Witnesses
_vControversial literature.
_92969
942 _2ddc
_cBK
_01
999 _c1480
_d1480